Harvimmin asutetut naapurimaaparit - Statistics

Yleistilastot
  • Tätä visaa on pelattu 556 kertaa
  • Keskiarvotulos 17 / 25
Vastaustilastot
Valtio % Oikein
Venäjä
98%
Mongolia
96%
Kazakstan
92%
Suomi
92%
Norja
82%
Algeria
73%
Turkmenistan
73%
Argentiina
70%
Libya
70%
Tšad
70%
Brasilia
69%
Bolivia
68%
Kongon tasavalta
67%
Mali
67%
Niger
67%
Mauritania
65%
Paraguay
63%
Keski-Afrikan tasavalta
61%
Namibia
55%
Guyana
50%
Suriname
50%
Saudi-Arabia
49%
Botswana
47%
Oman
46%
Gabon
40%
Ehtoja vastaavia visoja ei löytynyt
Tulosjakauma
Jokaisen tuloksen saaneiden osuus
Persentiili vastausten määrän mukaan
Tuloshistoriasi
Et ole pelannut tätä visaa